MotoGP 2025 - Statistiques

Statistiques générales
  • Ce quiz a été pris 1 268 fois
  • Le résultat moyen est 16 sur 20
Statistiques - réponses
Numéro Ecuries Pilotes % Correct
#93 Ducati Lenovo Marc Marquez
99%
#73 Gresini_ Alex Marquez
97%
#20 Yamaha_ Fabio Quartararo
96%
#89 Aprilia_ Jorge Martin
92%
#5 LCR Honda Johan Zarco
92%
#63 Ducati Lenovo Francesco Bagnaia
91%
#42 Yamaha_ Alex Rins
84%
#31 KTM Redbull Pedro Acosta
83%
#72 Aprilia_ Marco Bezzecchi
81%
#43 Pramac_ Jack Miller
80%
#33 KTM Redbull Brad Binder
79%
#36 Honda Repsol Joan Mir
79%
#21 VR46_ Franco Morbidelli
78%
#10 Honda Repsol Luca Marini
75%
#54 Gresini_ Fermín Aldeguer
71%
#79 Trackhouse_ Aï Ogura
68%
#88 Pramac_ Miguel Oliveira
65%
#49 VR46_ Fabio Di Giannantonio
64%
#25 Trackhouse_ Raúl Fernández
64%
#35 LCR Honda Somkiat Chantra
55%
Aucun quiz correspondant
Distribution des résultats
% des personnes avec chaque résultat
Percentile par nombre de réponses
Votre historique - résultats
Vous n’avez pas pris ce quiz